| 000 | 00743nam a2200217 a 4500 | ||
|---|---|---|---|
| 005 | 20240106063557.0 | ||
| 008 | 051024s2003 mx r 000 0 spa d | ||
| 020 | _a8476586647 | ||
| 035 | _aUPN01000140782 | ||
| 049 | _aCG | ||
| 050 | 4 |
_aHM846 _bN8.3 |
|
| 245 | 0 | 0 |
_aNuevas tecnologías y cultura / _cMarietta L. Baba ... [et al.] ; coord. Carmen Bueno. |
| 260 |
_aBarcelona, Esp. : _bAnthropos, _c2003. |
||
| 300 | _a284 p. | ||
| 440 | 0 |
_aTecnología, ciencia, naturaleza y sociedad (monografias científicas) ; _v12 |
|
| 650 | 4 |
_aInnovaciones tecnológicas _xAspectos sociales _927408 |
|
| 650 | 4 |
_aTECNOLOGIA - _xASPECTOS SOCIALES _917869 |
|
| 700 | 1 |
_aBaba, Marietta L., _ecoaut. |
|
| 700 | 1 |
_aBueno, Carmen, _ecoord. |
|
| 905 | _aLibro | ||
| 999 |
_c112930 _d112930 |
||